| 000 | 00406nam a2200181Ia 4500 | ||
|---|---|---|---|
| 005 | 20250423101200.0 | ||
| 008 | 250422s9999 xx 000 0 und d | ||
| 020 | _a0-440-10644-3 | ||
| 050 | _aPZ4.W24/ | ||
| 100 | _aJoseph Wambaugh | ||
| 245 | 4 | _aThe Black Marble | |
| 260 | _aNew York | ||
| 260 | _bDell Publishing Co | ||
| 260 | _c1978 | ||
| 300 | _a416 p | ||
| 650 | _aLiterature | ||
| 942 | _cBK | ||
| 999 |
_c35537 _d35537 |
||